000 00218nam a22000737a 4500
999 _c24144
_d24144
003 NUST
005 20170622101057.0
008 140508b xxu||||| |||| 00| 0 eng d
020 _cAvailable
_a813070613
040 _aDLC
_bDLC
_cRCMS
050 _a47.73 WAR
082 _a47.73 WAR
100 _aCharles Warren
_93058
245 _aThe Supreme Court in the united states history vol. 1
_cCharles Warren
300 _axvi, 814. p:
_bill, ;
_c24 cm.
538 _iShelf # 09, Row # 1, History & Digital Design.
856 _3Table of Contents Only.
942 _2ddc
_cBK
_h47.73 WAR